Protección a la agricultura: marco conceptual y metodología de análisis computadorizado /
En el libro publicado en 1993, se explora el concepto de protección a la agricultura desde un enfoque teórico y metodológico. Los autores examinan cómo las políticas de protección pueden afectar la productividad y competitividad del sector agrícola, así como las implicaciones para la economía en gen...
Збережено в:
| Автор: | |
|---|---|
| Співавтор: | |
| Інші автори: | , |
| Формат: | Книга |
| Мова: | Spanish |
| Опубліковано: |
San José, Costa Rica
IICA
1993
|
| Серія: | Serie Publicaciones Misceláneas
n° A1/SC-93-16 |
| Предмети: | |
| Теги: |
Додати тег
Немає тегів, Будьте першим, хто поставить тег для цього запису!
|
MARC
| LEADER | 00000nam a22000007a 4500 | ||
|---|---|---|---|
| 003 | cru CIDCACS/IIS | ||
| 005 | 20230828103320.0 | ||
| 007 | ta | ||
| 008 | 161007b1993 cr ||||| |||| 00| 0 spa d | ||
| 040 | |c CRAI/IIS |a CRAI/IIS | ||
| 090 | |a 07.01.01 S161p | ||
| 100 | 1 | |9 120 |a Salazar, Mario | |
| 245 | 1 | |a Protección a la agricultura: |b marco conceptual y metodología de análisis computadorizado / |c Mario Salazar, Carlos A. M. Santana, Juan A. Aguirre | |
| 246 | 1 | 2 | |a Programa I: |b análisis y planificación de la política agraria, |f 1993 |
| 260 | |a San José, Costa Rica |b IICA |c 1993 | ||
| 300 | |a 134 páginas : |b tablas | ||
| 440 | |9 116 |a Serie Publicaciones Misceláneas |v n° A1/SC-93-16 |x 05345391 | ||
| 520 | 3 | |a En el libro publicado en 1993, se explora el concepto de protección a la agricultura desde un enfoque teórico y metodológico. Los autores examinan cómo las políticas de protección pueden afectar la productividad y competitividad del sector agrícola, así como las implicaciones para la economía en general. Utilizan herramientas de análisis computarizado para evaluar los efectos de diferentes tipos de protección, como aranceles y subsidios, en los mercados agrícolas y en la sociedad en su conjunto. El libro también aborda la relación entre la protección agrícola y otros aspectos del desarrollo económico y social. A través de un enfoque riguroso y basado en datos, los autores ofrecen una perspectiva integral sobre la protección a la agricultura y sus implicaciones. RAR | |
| 650 | 0 | 0 | |2 OCDE |9 93 |a AGRICULTURA |
| 650 | 0 | 0 | |2 OCDE |9 2023 |a POLITICA AGRARIA |
| 650 | 0 | 0 | |2 OCDE |9 5594 |a COMPETITIVIDAD |
| 700 | 1 | |9 121 |a Santana, Carlos A. M. | |
| 700 | 1 | |9 122 |a Aguirre, Juan A. | |
| 710 | 1 | |9 117 |a Instituto Interamericano de Cooperación para la Agricultura | |
| 942 | |2 ddc |c LI | ||
| 999 | |c 18582 |d 18582 | ||
